00624nam a2200217Ia 4500003000400000005001700004008004100021020001800062040001800080041000800098082002000106100002700126245006900153250001100222260003700233300002900270650002000299650003400319650003500353700001800388OSt20260317114412.0210716s2010 xx 000 0 und d a9788184896619 cAIMIT LIBRARY aeng a511.3 21bKHOB aKhoussainov, Bakhadyr. aAutomata theory and its applications /cBy Bakhadyr Khoussainov. a1st ed aNew Delhi :bBirkhauser ,c2010. axiv,430p. ;bPBc23.3 cm aFinite automata aGames played on finite graphs aApplications of Rabin automata aNerode, Anil.